000 00753nam a2200241 a 4500
001 000012376
005 20200929163020.0
008 921208r19901978ve b 000 0 spa
010 _a92247472
020 _a9806149696
040 _aDO-SdBNP
_cDLC
043 _as-ve---
050 0 0 _aHD7091
_b.U9 1990
100 2 _aUzcategui Diaz, Rafael A.
_929076
245 1 3 _aLa seguridad social /
_cRafael A. Uzcategui D.
260 _aCaracas :
_bAcademia Nacional de Ciencias Economicas,
_cc1990.
300 _a268 p. ;
_c22 cm.
504 _aIncludes bibliographical references (p. 263-268).
650 0 _aSocial security.
_929077
650 0 _aSocial security
_zVenezuela.
_929078
910 _aCatalogación por copia / LC
082 0 0 _a368.4/00987
_220
999 _c12033
_d12033